000 00312nam a22001337a 4500
008 171017b xxu||||| |||| 00| 0 eng d
020 _a9780256193541
041 _aeng
080 _28TH
_a331.101.262
100 _a52
101 _aBNJ
245 _aHUMAN RESOURCE MANAGEMENT
_cMILKOVICH,G.T
942 _2udc
_cBK
999 _c34366
_d34366